|
|
|
|
| LEADER |
00000cam a2200000 7i4500 |
| 001 |
0000003681 |
| 005 |
20151222.0 |
| 008 |
070719 |
| 020 |
|
|
|a 0431113742
|
| 090 |
0 |
0 |
|a SC
|b ENG
|
| 100 |
1 |
|
|a Oxlade, Chris
|
| 245 |
1 |
0 |
|a Post
|c Chris Oxlade
|
| 260 |
|
|
|a USA :
|b Heinemann Library ,
|c 2001
|
| 440 |
|
0 |
|a Communicating today
|
| 500 |
|
|
|a Children ages 10-12 years old (pink)
|
| 650 |
|
0 |
|a Facsimile transmission
|x Juvenile
|
| 650 |
|
0 |
|a Telephone
|x Juvenile literature
|
| 710 |
0 |
|
|a Title
|
| 999 |
|
|
|a 0000954934
|b Book
|c Children Collection
|e Perbadanan Perpustakaan Awam Johor
|
| 999 |
|
|
|a 0000954936
|b Book
|c Children Collection
|e Perbadanan Perpustakaan Awam Johor
|